00333nam a2200133Ia 4500008004100000041000800041082001500049100001700064245005500081260002200136300000800158365001600166700001700182230718s9999 xx 000 0 und d aeng a004.6bKRI aKrishna S.J. aEnterprise Information Integration An Introduction c2005bICFAI Books a189 cRs.b350.00 aKrishna S.J.